[Event "Challenge"]
[Site "http://www.queenalice.com/game.php?id=830208"]
[Date "2010.9.9"]
[Round "-"]
[White "TomMurphy"]
[Black "elche"]
[Result "1-0"]
[WhiteElo "1500"]
[BlackElo "1762"]

1. d4 d5 2. c4 c6 3. e3 Bf5 4. Nc3 e6 5. Bd3 Bxd3 6. Qxd3 Nf6 7. Nf3 Bb4 8. Bd2
Bxc3 9. Bxc3 Ne4 10. O-O Nxc3 11. bxc3 dxc4 12. Qxc4 O-O 13. Rfb1 Qc7 14. Qd3 h6
15. Rb2 b6 16. Rab1 c5 17. e4 Nd7 18. d5 exd5 19. exd5 Qd6 20. Re1 Nf6 21. Re5
Nd7 22. Ree2 Nf6 23. c4 Qf4 24. Re3 Rae8 25. Rbe2 Rxe3 26. fxe3 1-0

[Event "Challenge"]
[Site "http://www.queenalice.com/game.php?id=834792"]
[Date "2010.9.18"]
[Round "-"]
[White "TomMurphy"]
[Black "charles31"]
[Result "1-0"]
[WhiteElo "1583"]
[BlackElo "1704"]

1. e4 e5 2. Nf3 d6 3. d4 exd4 4. Qxd4 a6 5. Bg5 f6 6. Be3 Nc6 7. Qa4 Bd7 8. Nc3
Ne5 9. Qb3 Nxf3+ 10. gxf3 Bc6 11. Bc4 Qd7 12. Bxg8 O-O-O 13. Be6 1-0

[Event "Challenge"]
[Site "http://www.queenalice.com/game.php?id=959435"]
[Date "2011.7.12"]
[Round "-"]
[White "TomMurphy"]
[Black "fortunato"]
[Result "0-1"]
[WhiteElo "1641"]
[BlackElo "2116"]

1. d4 d5 2. c4 dxc4 3. e4 b5 4. a4 c6 5. axb5 cxb5 6. Nc3 Bd7 7. Be2 e6 8. Nf3
Nf6 9. O-O Bb4 10. Bg5 h6 11. Bxf6 Qxf6 12. Na2 Be7 13. b3 cxb3 14. Qxb3 a6 15.
Nc3 b4 16. Na4 O-O 17. Nb6 Ra7 18. Bxa6 Qf4 19. Bd3 Rc7 20. d5 Rc3 21. Qd1 Bc5
22. Nxd7 Nxd7 23. dxe6 fxe6 24. Ra2 Ne5 25. Nxe5 Qxe5 26. Rd2 b3 27. Kh1 b2 28.
Bc2 Bb6 29. Kg1 Bxf2+ 30. Rdxf2 Qc5 31. e5 Rxf2 32. Rxf2 Qb6 33. g3 Rxc2 34.
Qxc2 b1=Q+ 35. Qxb1 Qxb1+ 36. Kg2 Qe4+ 37. Kf1 Qxe5 38. Re2 Qh5 39. Ke1 e5 40.
Kd2 e4 41. Rxe4 Qxh2+ 42. Kd3 Qxg3+ 0-1

[Event "Challenge"]
[Site "http://www.queenalice.com/game.php?id=993404"]
[Date "2011.10.4"]
[Round "-"]
[White "TomMurphy"]
[Black "favazza2007"]
[Result "1-0"]
[WhiteElo "1641"]
[BlackElo "2038"]

1. d4 d5 2. Nf3 Nf6 3. e3 Bg4 4. c4 dxc4 5. Bxc4 e6 6. h3 Bb4+ 7. Nbd2 Bxf3 8.
Qxf3 Nbd7 9. Qxb7 a5 10. Qc6 O-O 11. O-O Rb8 12. Bd3 Rb6 13. Qc2 e5 14. Nc4 Rc6
15. a3 Bd6 16. Qa4 Qa8 17. Nxa5 e4 18. Bxe4 Nxe4 19. Qxc6 Qe8 20. Nc4 Qe6 21.
Nxd6 cxd6 22. a4 1-0

[Event "Challenge"]
[Site "http://www.queenalice.com/game.php?id=998746"]
[Date "2011.10.18"]
[Round "-"]
[White "giobetti"]
[Black "TomMurphy"]
[Result "0-1"]
[WhiteElo "1926"]
[BlackElo "1780"]

1. Nf3 Nf6 2. g3 e6 3. Bg2 c5 4. d3 Nc6 5. O-O d5 6. Re1 Be7 7. Nbd2 O-O 8. e4
h6 9. e5 Nd7 10. Nf1 Qc7 11. Qe2 a5 12. Bf4 b5 13. Ne3 g5 14. Nxg5 hxg5 15. Qg4
Ndxe5 16. Bxe5 Qxe5 17. Nxd5 exd5 18. Qh5 Qd6 19. Re4 dxe4 20. Bxe4 f5 21. Bd5+
Kg7 22. c4 Rb8 23. Re1 Nb4 24. Bg2 g4 25. a3 Nxd3 0-1

[Event "Challenge"]
[Site "http://www.queenalice.com/game.php?id=1003877"]
[Date "2011.11.1"]
[Round "-"]
[White "clovis"]
[Black "TomMurphy"]
[Result "0-1"]
[WhiteElo "2050"]
[BlackElo "1848"]

1. e4 e5 2. Bc4 Nc6 3. Nf3 Bc5 4. O-O Nf6 5. b4 Bxb4 6. c3 Bd6 7. d4 O-O 8. Bg5
h6 9. Bh4 Qe7 10. Qd2 Re8 11. Re1 Rb8 12. h3 b5 13. Bd5 Bb7 14. Nh2 g5 15. Bg3
exd4 16. Bxc6 dxc6 17. e5 Bc5 18. cxd4 Bb4 19. exf6 Qxe1+ 20. Qxe1 Rxe1+ 21. Nf1
Bc3 22. Nxc3 Rxa1 23. Bxc7 Re8 24. f3 Ree1 25. d5 Rxf1+ 26. Kh2 b4 27. dxc6 Bxc6
0-1

[Event "Challenge"]
[Site "http://www.queenalice.com/game.php?id=1006432"]
[Date "2011.11.8"]
[Round "-"]
[White "ricma"]
[Black "TomMurphy"]
[Result "0-1"]
[WhiteElo "2049"]
[BlackElo "1888"]

1. Nf3 Nf6 2. g3 e6 3. Bg2 d5 4. O-O c5 5. d3 Nc6 6. Nbd2 Be7 7. e4 O-O 8. Re1
h6 9. e5 Nd7 10. Nf1 Qc7 11. Qe2 b5 12. c3 a5 13. h4 a4 14. N1h2 Bb7 15. d4 b4
16. Ng4 a3 17. cxb4 axb2 18. Qxb2 Nxb4 19. Bf1 Ba6 20. Bxa6 Rxa6 21. Qe2 Rfa8
22. a3 c4 23. Rd1 Nd3 24. Rxd3 cxd3 25. Qxd3 Nb6 26. Nxh6+ gxh6 27. Bxh6 Rxa3
28. Rxa3 Rxa3 0-1

[Event "Challenge"]
[Site "http://www.queenalice.com/game.php?id=1009045"]
[Date "2011.11.16"]
[Round "-"]
[White "tinogomes"]
[Black "TomMurphy"]
[Result "0-1"]
[WhiteElo "1666"]
[BlackElo "1923"]

1. e4 e5 2. Nf3 Nc6 3. d4 exd4 4. Nxd4 Bc5 5. c3 Nf6 6. Nf5 O-O 7. Bg5 Bxf2+ 8.
Ke2 Bb6 9. Bxf6 Qxf6 10. Ke1 d5 11. Bd3 dxe4 12. Bxe4 Bxf5 13. Nd2 Rfe8 14. Qe2
Qg6 15. g3 Bxe4 16. Nxe4 Rxe4 17. Kd2 Rxe2+ 18. Kxe2 Qe4+ 19. Kf1 Re8 20. Re1
Qxh1# 0-1

[Event "Challenge"]
[Site "http://www.queenalice.com/game.php?id=1010798"]
[Date "2011.11.21"]
[Round "-"]
[White "UKopra"]
[Black "TomMurphy"]
[Result "0-1"]
[WhiteElo "1817"]
[BlackElo "1932"]

1. d4 Nf6 2. c4 c5 3. d5 e6 4. Nc3 exd5 5. cxd5 Bd6 6. Nf3 O-O 7. Bg5 h6 8. Bh4
Re8 9. e3 Na6 10. a3 Nc7 11. Bc4 b5 12. Ba2 Bb7 13. Bxf6 Qxf6 14. O-O a5 15. Qd3
Ba6 16. Ne4 Qg6 17. Nfd2 c4 18. Qd4 Re5 19. Nxd6 Rxd5 20. Qb6 Rxd6 21. Qxc7 Rxd2
22. b3 Rc8 23. Qxa5 Bb7 24. g3 Qe4 25. f3 Qxe3+ 26. Kh1 Bxf3+ 0-1

[Event "Let's Play Chess!"]
[Site "http://www.queenalice.com/game.php?id=1084704"]
[Date "2012.7.20"]
[Round "-"]
[White "TomMurphy"]
[Black "FerreiraAzevedo"]
[Result "0-1"]
[WhiteElo "1948"]
[BlackElo "2665"]

1. d4 d5 2. c4 e6 3. Nc3 a6 4. cxd5 exd5 5. Qb3 Bd6 6. Nxd5 Be6 7. Bd2 Nc6 8. e4
Nxd4 9. Qa4+ Nc6 10. Bc3 Ne7 11. O-O-O O-O 12. Kb1 Qd7 13. Nf3 Nxd5 14. exd5 Ne7
15. Qd4 Bf5+ 16. Bd3 f6 17. Rhe1 Ng6 18. Bxf5 Qxf5+ 19. Ka1 Rae8 20. Bb4 Rxe1
21. Nxe1 Re8 22. Bxd6 cxd6 23. a3 Re2 24. Nf3 Nf4 25. Ng1 Rc2 26. Qb4 h6 27.
Qxd6 Rxf2 28. Qb8+ Kh7 29. Qxb7 Qc2 30. Rb1 Nd3 31. Nf3 Qc4 32. Qb6 Nc5 33. Nd4
Qxd4 34. Rc1 Rxg2 35. d6 Qe5 36. Rd1 Qe3 37. Qb4 Qe2 38. Rb1 Qc2 39. d7 Nxd7 40.
h3 Nc5 41. Ka2 a5 42. Qb5 Na4 43. Ka1 Nc3 44. Qf1 Nxb1 45. Qxb1 f5 46. Qxc2 Rxc2
47. Ka2 f4 0-1

[Event "Let's Play Chess!"]
[Site "http://www.queenalice.com/game.php?id=1091879"]
[Date "2012.8.10"]
[Round "-"]
[White "rotwein"]
[Black "TomMurphy"]
[Result "0-1"]
[WhiteElo "2169"]
[BlackElo "1948"]

1. d4 Nf6 2. c4 c5 3. Nf3 cxd4 4. Nxd4 Nc6 5. Nc3 Qb6 6. Nc2 e6 7. e3 Be7 8. Be2
O-O 9. O-O Qc7 10. b3 Rd8 11. Bb2 d5 12. cxd5 Nxd5 13. Nxd5 Rxd5 14. Qc1 e5 15.
e4 Rd8 16. Ne3 Be6 17. Bc4 Bg5 18. Bxe6 fxe6 19. Qc4 Qd7 20. Rfd1 Nd4 21. Bxd4
exd4 22. Nf5 Rac8 23. Qxd4 Qxd4 24. Nxd4 Bf6 25. Nxe6 Re8 0-1

[Event "Challenge"]
[Site "http://www.queenalice.com/game.php?id=1095239"]
[Date "2012.8.21"]
[Round "-"]
[White "Andrez"]
[Black "TomMurphy"]
[Result "0-1"]
[WhiteElo "2030"]
[BlackElo "1979"]

1. f4 Nf6 2. Nf3 Nc6 3. e3 d5 4. b3 g6 5. Bb2 Bg7 6. a4 O-O 7. Be2 Bf5 8. O-O
Nb4 9. Na3 c5 10. Ne5 a6 11. d3 Nd7 12. Bf3 Qc7 13. c3 Nxe5 14. d4 Nxf3+ 15.
Rxf3 Nd3 16. Qd2 Qb6 17. b4 cxb4 18. cxb4 Qxb4 19. Bc3 Qxa4 20. Nc2 Qc4 21. Rb1
Rac8 22. Bb4 Qxc2 23. Qxc2 Rxc2 0-1

[Event "Challenge"]
[Site "http://www.queenalice.com/game.php?id=1102817"]
[Date "2012.9.14"]
[Round "-"]
[White "JimMorrisson"]
[Black "TomMurphy"]
[Result "0-1"]
[WhiteElo "2281"]
[BlackElo "2000"]

1. e4 e5 2. Nf3 Nc6 3. Bb5 Bd6 4. O-O Nf6 5. Re1 Qe7 6. Nc3 O-O 7. d4 Nxd4 8.
Nxd4 exd4 9. Nd5 Qe6 10. Bc4 b5 11. Bb3 c5 12. f4 Nxe4 13. Nc7 Qh6 14. Nxa8 Bb7
15. a4 c4 16. Ba2 Bc5 17. axb5 Qh4 18. Rxe4 Bxe4 19. Qf1 d3+ 20. Kh1 Bxg2+ 21.
Kxg2 Re8 22. Be3 Rxe3 23. cxd3 Rh3 24. Kh1 Rxh2# 0-1

[Event "Challenge"]
[Site "http://www.queenalice.com/game.php?id=1107299"]
[Date "2012.9.28"]
[Round "-"]
[White "jcdu32"]
[Black "TomMurphy"]
[Result "0-1"]
[WhiteElo "1911"]
[BlackElo "2031"]

1. e4 e5 2. Nf3 Nc6 3. Bc4 Bc5 4. c3 Nf6 5. b4 Bb6 6. O-O Nxe4 7. Re1 Nxf2 8.
Qe2 Nd3+ 9. Kh1 Nxe1 10. Qxe1 d5 11. Bb5 O-O 12. Bxc6 e4 13. Nd4 bxc6 14. Nxc6
Qf6 15. b5 a6 16. Nd4 Bxd4 17. cxd4 Qxd4 18. Nc3 axb5 19. Bb2 b4 0-1

[Event "Let's Play Chess!"]
[Site "http://www.queenalice.com/game.php?id=1110289"]
[Date "2012.10.9"]
[Round "-"]
[White "TomMurphy"]
[Black "FerreiraAzevedo"]
[Result "0-1"]
[WhiteElo "2043"]
[BlackElo "2746"]

1. e4 e5 2. Nf3 Nc6 3. Bc4 Nf6 4. Ng5 d5 5. exd5 Na5 6. Bb5+ c6 7. dxc6 bxc6 8.
Qf3 Be7 9. Bxc6+ Nxc6 10. Qxc6+ Bd7 11. Qc4 O-O 12. Nc3 Rc8 13. Qe2 h6 14. Nge4
Nxe4 15. Qxe4 Bc6 16. Qe3 Bc5 17. Qh3 Re8 18. O-O Re6 19. Kh1 Rg6 20. f3 Bd7 21.
Qh5 Bd4 22. Re1 Rc5 23. Ne4 Rxc2 24. a4 a6 25. a5 Kh7 26. Ng3 Bf2 27. Qxe5 Rxg3
28. Qe7 Qxe7 29. Rxe7 Rg5 30. Rxd7 Rxa5 31. Rb1 Rac5 32. g4 Rxc1+ 33. Rxc1 Rxc1+
34. Kg2 Be1 0-1

[Event "Let's Play Chess!"]
[Site "http://www.queenalice.com/game.php?id=1113920"]
[Date "2012.10.19"]
[Round "-"]
[White "TomMurphy"]
[Black "FerreiraAzevedo"]
[Result "1-0"]
[WhiteElo "2043"]
[BlackElo "2742"]

1. e4 e5 2. Nf3 Nc6 3. Bc4 Nf6 4. Ng5 d5 5. exd5 Na5 6. Bb5+ c6 7. dxc6 bxc6 8.
Qf3 Be7 9. Bxc6+ Nxc6 10. Qxc6+ Bd7 11. Qf3 Rc8 12. O-O O-O 13. Nc3 Ng4 14. h3
Nh6 15. Nge4 f5 16. Ng3 Bc6 17. Qe2 f4 18. Nge4 Qd7 19. f3 Nf5 20. Qc4+ Kh8 21.
Qd3 Nd4 22. b4 Bxb4 23. Rb1 Qe7 24. Bb2 Rfd8 25. a3 Ba5 26. Kh2 Qh4 27. a4 h6
28. Kg1 Nf5 29. Qa6 Bb6+ 30. Kh2 Ng3 31. a5 Bd4 32. Nd6 Rxd6 33. Qxc8+ Kh7 34.
Qg4 Qd8 35. Ne4 Nxf1+ 36. Rxf1 Rg6 37. Qf5 Bxb2 38. Nf2 Qxd2 39. h4 Bd7 40. Qe4
h5 41. Qd3 Qxd3 42. Nxd3 Bc3 43. Rb1 Ba4 44. Rb7 1-0